AH International Schools' Libraries

Mr. large in charge / (Record no. 48815)

MARC details
000 -LEADER
fixed length control field 00288nam a2200109 4500
020 ## - INTERNATIONAL STANDARD BOOK NUMBER
International Standard Book Number 9781406300741
100 ## - MAIN ENTRY--PERSONAL NAME
Personal name Murphy, Jill
9 (RLIN) 61492
245 ## - TITLE STATEMENT
Title Mr. large in charge /
Statement of responsibility, etc Jill Murphy
260 ## - PUBLICATION, DISTRIBUTION, ETC. (IMPRINT)
Place of publication, distribution, etc London
Name of publisher, distributor, etc Walker Books
Date of publication, distribution, etc 2005
300 ## - PHYSICAL DESCRIPTION
Extent unpaged.
Other physical details col. ill.
Dimensions 22 22 cm.
942 ## - ADDED ENTRY ELEMENTS (KOHA)
Source of classification or shelving scheme
Koha item type Book
Holdings
Withdrawn status Lost status Source of classification or shelving scheme Damaged status Not for loan Collection code Home library Current library Shelving location Date acquired Total Checkouts Full call number Barcode Date last seen Price effective from Koha item type Public note
          TEACHERS' RESOURCES Asian Hope Early Years Library Asian Hope Early Years Library Easy Reading 04/07/2025   E MUR 207988 04/07/2025 04/07/2025 Book YEAR 1 BOOK

For any Logos Library related questions please contact Miss Art at swongnarasuk@asianhope.org.

For any Asian Hope Library related questions please contact Miss Raza at graza@asianhope.org.

Powered by Koha